Lutoids of Hevea latex : Morphological considerations (Record no. 62338)

MARC details
000 -LEADER
fixed length control field 00356nam a2200133Ia 4500
100 ## - MAIN ENTRY--AUTHOR NAME
Personal name Gomez J B
245 #0 - TITLE STATEMENT
Title Lutoids of Hevea latex : Morphological considerations
260 ## - PUBLICATION, DISTRIBUTION, ETC. (IMPRINT)
Name of publisher Journal of Natural Rubber Research
Year of publication 1990
300 ## - PHYSICAL DESCRIPTION
Number of Pages 231-240
650 ## - SUBJECT ADDED ENTRY--TOPICAL TERM
Topical Term Hevea latex
650 ## - SUBJECT ADDED ENTRY--TOPICAL TERM
Topical Term Lutoids
942 ## - ADDED ENTRY ELEMENTS (KOHA)
Koha item type Journals
Holdings
Withdrawn status Lost status Damaged status Not for loan Home library Current library Shelving location Date acquired Serial Enumeration / chronology Koha item type
      Journals RRII Library RRII Library Rubber chemistry 17/12/2021 Volume 5, Issue 3 Journals